| 000 | 00374nam a22001577a 4500 | ||
|---|---|---|---|
| 003 | CEME | ||
| 005 | 20210628202424.0 | ||
| 008 | 210105b xxu||||| |||| 00| 0 eng d | ||
| 040 | _cceme | ||
| 082 | _a891.4397 ASH | ||
| 100 |
_aAshfaq Hussain _99148 |
||
| 245 | _aBaraf ke qaidi | ||
| 260 |
_aLAHORE _bIDARA-E-MATBOOT SULEMANI _c2010 |
||
| 300 | _a305P | ||
| 942 |
_cBK _2ddc |
||
| 999 |
_c569728 _d569728 |
||